Biología 1er año de Educación Media: guía didáctica para el profesor

Wedi'i Gadw mewn:
Manylion Llyfryddiaeth
Prif Awdur: Edwards Karlström, Ana Sara (Awdur)
Fformat: Llyfr
Iaith:Sbaeneg
Cyhoeddwyd: Santiago Pearson Educación 2005
Rhifyn:1a. ed
Pynciau:
Tagiau: Ychwanegu Tag
Dim Tagiau, Byddwch y cyntaf i dagio'r cofnod hwn!

MARC

LEADER 00000nam a2200000 a 4500
001 UCJ0677
003 CL-VaPUC
008 060825e20050000CL |||||||||||||||||spa|d
020 |a 9567983054 
082 0 4 |a 570.712  |b EDW  |2 21 
100 0 |a Edwards Karlström, Ana Sara  |e author  |9 500926 
245 1 0 |a Biología 1er año de Educación Media: guía didáctica para el profesor 
250 |a 1a. ed 
300 |a 164 p 
942 |c BK 
945 |d 20060825 00:00:00  |a jtorresc 
260 |a Santiago  |b Pearson Educación  |c 2005 
500 |a www.pearsoneducacion.com 
650 0 |a Educación científica   |9 307484 
650 0 |a Libros de texto  |9 270019 
650 0 |a Métodos de enseñanza  |9 270413 
650 0 |a Biología  |9 262022 
583 |a last modification  |c 20171031 11:00:27  |k Rodrigo Vera 
999 |c 317440  |d 317438 
952 |0 0  |1 0  |4 0  |6 570_712000000000000_EDW_2005  |7 0  |8 A  |9 393821  |a FDOPOS  |b FDOPOS  |d 2019-11-22  |i 4267427  |o 570.712 EDW 2005  |p 4267427  |r 2025-01-22  |w 2019-11-22  |y BK  |k MLA 
952 |0 0  |1 0  |4 0  |6 570_712000000000000_EDW_2005  |7 0  |8 A  |9 393822  |a BIBEDU  |b BIBEDU  |d 2019-11-22  |i 4421779  |o 570.712 EDW 2005  |p 4421779  |r 2019-11-22  |w 2019-11-22  |y BK  |k EDU